01496naa a2200229 i 4500001000400000003000400004005001700008008003900025040000800064080000800072100013700080245015800217260001000375500002100385520027500406650003100681655003000712700013700742773016500879711009101044700013101135BPPBPK20191005121919.0151208s2005 pl f |100 0 pol cBPK a537 aAndriyevskyy, BohdaneAutord2001 - .bPolitechnika Koszalińska - Wydział Elektroniki i Informatyki,cKatedra Podstaw Elektroniki aWyznaczenie energii aktywacji przewodnictwa elektrycznego heterostruktury epitaksjalnej /cBohdan Andrzejewski, Wioleta Ciepluch-Trojanek, Aleksy Patryn. c2005. aDane z autopsji. aW pracy zaproponowana metodyka analizy zależności temperaturowych przewodnictwa elektrycznego aktywacyjnego typu, polegającej na rozłożeniu zależności temperaturowej przewodnictwa elektrycznego na składowe typu Arrheniusa o różnych energiach aktywacji. 0aPrzewodnictwo elektryczne. 0aMateriały konferencyjne. aCIEPLUCH-TROJANEK, Wioleta.d1999 - .bPolitechnika Koszalińska - Wydział Elektroniki i Informatyki,cKatedra Podstaw Elektroniki iW :tCzwarta Krajowa Konferencja Elektroniki : materiały konferencji. T. 2/2. -dKoszalin : Wydaw. Uczelniane Politechniki Koszalińskiej, 2005. -gs. 391-396 aKrajowa Konferencja Elektronikin(4 ;d2005 ;cDarłowko Wschodnie, Polska).pKKE'2005 aPatryn, AleksyeAutord1996 - .bPolitechnika Koszalińska - Wydział Elektroniki i Informatyki,cKatedra Podstaw Elektroniki